000 00823nai a2200205Ia 4500
003 IN-BaIIA
008 211028c9999 xx s 000 0 eng d
022 _a0700-9216 (Print)
040 _cIIA Library
245 0 _aCanadian Electrical Engineering Journal
_h[eJournal]
260 _aNew York, USA
_bThe Institute of Electrical and Electronics Engineers, Inc. (IEEE)
310 _aQuarterly
362 _a1(1); 1976 - 13(1); 1988
521 _bSubscribed through National Knowledge Resource Consortium (NKRC)
650 _a Components, Circuits, Devices and Systems
_948791
650 _a Engineered Materials, Dielectrics and Plasmas
_948792
650 _aFields, Waves and Electromagnetics
_948793
856 _uhttps://ieeexplore.ieee.org/servlet/opac?punumber=6449389
_yClick Here to Access eJournal
942 _cEJ
999 _c34139
_d34139